LEADER 01175nam2 22002651i 450 001 SUN0048789 005 20060731120000.0 100 $a20060731d1993 |0itac50 ba 101 $aita 102 $aIT 105 $a|||| ||||| 200 1 $aˆ6: ‰Ficulea$fLorenzo Quilici e Stefania Quilici Gigli 210 $aRoma$cConsiglio nazionale delle ricerche$d1993 215 $a552 p., 113! c. di tav.$cill.$d30 cm. 461 1$1001SUN0048785$12001 $aLatium vetus$v6$1210 $a[Roma]$cConsiglio nazionale delle ricerche$d1978-$1215 $av.$d30 cm. 620 $dRoma$3SUNL000360 700 1$aQuilici$b, Lorenzo$3SUNV008850$039955 701 1$aQuilici Gigli$b, Stefania$3SUNV008851$0162935 712 $aConsiglio nazionale delle ricerche$3SUNV000327$4650 801 $aIT$bSOL$c20181109$gRICA 912 $aSUN0048789 950 $aUFFICIO DI BIBLIOTECA DEL DIPARTIMENTO DI LETTERE E BENI CULTURALI$d07 CONS Ba Lazio 2-VI $e07 DP 419 995 $aUFFICIO DI BIBLIOTECA DEL DIPARTIMENTO DI LETTERE E BENI CULTURALI$bIT-CE0103$gDP$h419$kCONS Ba Lazio 2-VI$oc$qa 996 $aFiculea$91406019 997 $aUNICAMPANIA LEADER 01056nam0-2200301 --450 001 9910887378903321 005 20241121102620.0 100 $a20240930d kmuy0itay5050 ba 101 0 $aeng 102 $aFR 105 $ay 001yy 200 1 $a16. International grassland congress$e4-11 october 1989, Nice, France 210 $aVersailles$cAssociation Francaise pour la Production Fourragere 215 $a3 v. (1921 p. compl.)$d29 cm. 510 1 $a16. Congres international des herbages$e4-11 Octobre 1989 Nice, France 610 0 $aPedologia 676 $a631.4$v23$zita 710 12$aInternational Grassland Congress$d<16.$f; 1989$e; Nice>$01770526 712 02$aAssociation francaise pour la production fouraggere 801 0$aIT$bUNINA$gREICAT$2UNIMARC 901 $aBK 912 $a9910887378903321 952 $aA AGR 1813-3$b14377/2024$fFAGBC 952 $aA AGR 1813-2$b14378/2024$fFAGBC 952 $aA AGR 1813-1$b14747/2024$fFAGBC 959 $aFAGBC 996 $a16. International grassland congress$94252478 997 $aUNINA